000 00500nam a2200193Ia 4500
005 20240823015958.0
008 240823s9999||||xx |||||||||||||| ||und||
020 _a81-7808-490-2
041 _aENGLISH
082 _A658.1
100 _aHall Richard H
245 0 _a"Organizations Structures,Processes,and Outcomes"
250 _a7th
260 _c2001
_b"Pearson Education,New "
500 _aYES
650 _aComputer Organisation
_bInformation Technology
942 _cBK
999 _c173685
_d173685